000 00487nam a2200157 4500
001 140537
003 ES-MaACL
005 20230906200111.0
007 t|
008 070214s1907 fr r ||||1| fre d
100 1 _aSeignobos, Charles (
_d1854-1942)
_9105259
245 1 0 _aHistoire narrative et descriptive de l'Antiquité /
_cpar Ch. Seignobos.
260 _aParis :
_b[s. n.],
_c1907 (
_eCoulommiers :
_fPaul Brodard)
300 _a388 p. ;
_c18 x 11 cm.
852 _aES-MaACL
_jB-2702
999 _c140537
_d140537